Villes françaises plus au Sud que Paris - Mort subite - Statistiques

Statistiques générales
  • Ce quiz a été pris 470 fois
  • Le résultat moyen est 8 sur 15
Answers on the Grid
Answers color-coded by a green-red scale on the quiz's grid according to % correct below.
Amiens
Beauvais
Brest
Caen
Calais
Cayenne
Dijon
Dunkerque
Évreux
Le Havre
Le Mans
Lille
Limoges
Lorient
Metz
Nancy
Nantes
Orléans
Poitiers
Reims
Rennes
Roubaix
Rouen
Saint Malo
Saint-Quentin
Strasbourg
Thionville
Tours
Vannes
Verdun
 
Statistiques - réponses
Réponse % Correct
Dijon
77%
Limoges
74%
Orléans
70%
Tours
69%
Nantes
66%
Poitiers
66%
Le Mans
59%
Cayenne
57%
Lorient
44%
Vannes
44%
Rennes
42%
Brest
33%
Strasbourg
28%
Nancy
23%
Saint Malo
22%
Aucun quiz correspondant
Distribution des résultats
% des personnes avec chaque résultat
Percentile par nombre de réponses
Votre historique - résultats
Vous n’avez pas pris ce quiz